000 00406nam a2200145Ia 4500
008 100204s9999 xx 000 0 und d
082 _b4276
100 _aराजे शैलजा
245 _aअंकुर
260 _b"पॅरॅमाऊंट पब्लिसिटी , पुणे"
300 _a133
630 _aअंकुर
730 _aअंकुर
942 _cBOOK
999 _c449064
_d449061